Tlingit myths and texts / (Record no. 149088)

MARC details
000 -LEADER
campo de control de longitud fija 00950nam a2200253 4500
001 - NÚMERO DE CONTROL
campo de control 149088
003 - IDENTIFICADOR DE NÚMERO DE CONTROL
campo de control ES-MaACL
005 - FECHA Y HORA DE LA ÚLTIMA TRANSACCIÓN
campo de control 20230906202937.0
007 - CAMPO FIJO DE DESCRIPCIÓN FÍSICA--INFORMACIÓN GENERAL
campo de control de longitud fija t|
008 - DATOS DE LONGITUD FIJA--INFORMACIÓN GENERAL
campo de control de longitud fija 070214s1909 xxu r ||||1| eng d
100 1# - ENTRADA PRINCIPAL--NOMBRE DE PERSONA
Nombre de persona Swanton, John Reed.
9 (RLIN) 108924
245 10 - MENCIÓN DEL TÍTULO
Título Tlingit myths and texts /
Mención de responsabilidad, etc. recorded by John R. Swanton.
260 ## - PUBLICACIÓN, DISTRIBUCIÓN, ETC.
Lugar de publicación, distribución, etc. Washington :
Nombre del editor, distribuidor, etc. Government Printing Office,
Fecha de publicación, distribución, etc. 1909.
300 ## - DESCRIPCIÓN FÍSICA
Extensión VIII, 541 p. ;
Dimensiones 24 cm.
490 1# - MENCIÓN DE SERIE
Mención de serie Bulletin / Smithsonian Institution, Bureau of American Ethnology ;
Designación de volumen o secuencia 39
500 ## - NOTA GENERAL
Nota general Precede al tít.: Bureau of American Ethnology.
546 ## - NOTA DE IDIOMA
Nota de lengua/lenguaje Textos en inglés y lengua tlingit.
650 #4 - PUNTO DE ACCESO ADICIONAL DE MATERIA--TÉRMINO DE MATERIA
Término de materia o nombre geográfico como elemento de entrada Lengua tlingit-
Subdivisión de forma Textos.
9 (RLIN) 147929
650 #4 - PUNTO DE ACCESO ADICIONAL DE MATERIA--TÉRMINO DE MATERIA
Término de materia o nombre geográfico como elemento de entrada Tlingit (Indios)
9 (RLIN) 147930
710 2# - ENTRADA AGREGADA--NOMBRE DE ENTIDAD CORPORATIVA
Nombre de entidad corporativa o nombre de jurisdicción como elemento de entrada Smithsonian Institution.
Unidad subordinada Bureau of American Ethnology.
9 (RLIN) 6625
830 0# - PUNTO DE ACCESO ADICIONAL DE SERIE-TÍTULO UNIFORME
Título uniforme Bulletin / Smithsonian Institution, Bureau of American Ethnology ;
Designación de volumen o secuencia 39
9 (RLIN) 183645
852 ## - LOCALIZACIÓN
Ubicación ES-MaACL
Número de control de estantería G-15396
Holdings
Estatus retirado Estado de pérdida Estado de daño No para préstamo Biblioteca de origen Biblioteca actual Ubicación en estantería Fecha de adquisición Fuente de adquisición Total de préstamos Signatura topográfica completa Código de barras Visto por última vez Precio de reemplazo Tipo de ítem Koha
        Biblioteca del Ateneo de Madrid Biblioteca del Ateneo de Madrid Sala Pecera Planta 3 17/01/2008     G-15396 1155577 23/02/2023 23/02/2023 Libro impreso